000
00315nam a22001217a 4500
008
190313b xxu||||| |||| 00| 0 eng d
041
_a
eng
080
_a
043.3
100
_a
0
101
_a
MEK-MTH
245
_a
Analiza dhe realizimi i sistemit për mbushjen e shpejtë të baterive
_c
Spahija,K
942
_2
udc
_c
BK
999
_c
54753
_d
54753